UCM

The Pinguim Atlas (Record no. 9450)

MARC details
000 -LEADER
fixed length control field 00418nam a22001697a 4500
008 - FIXED-LENGTH DATA ELEMENTS--GENERAL INFORMATION
fixed length control field 120509t xxu||||| |||| 00| 0 eng d
020 ## - INTERNATIONAL STANDARD BOOK NUMBER
International Standard Book Number 9780141012629
080 ## - UNIVERSAL DECIMAL CLASSIFICATION NUMBER
Universal Decimal Classification number 084.4
100 ## - MAIN ENTRY--PERSONAL NAME
Personal name Kinder, Hermann
9 (RLIN) 624
245 ## - TITLE STATEMENT
Title The Pinguim Atlas
Statement of responsibility, etc Hermann Kinder,
250 ## - EDITION STATEMENT
Edition statement s ed
260 ## - PUBLICATION, DISTRIBUTION, ETC. (IMPRINT)
Place of publication, distribution, etc pinguim books
Name of publisher, distributor, etc England
Date of publication, distribution, etc 1995
300 ## - PHYSICAL DESCRIPTION
Extent 368p.
Other physical details
Accompanying material
650 ## - SUBJECT ADDED ENTRY--TOPICAL TERM
Topical term or geographic name as entry element Atlas
9 (RLIN) 625
942 ## - ADDED ENTRY ELEMENTS (KOHA)
Source of classification or shelving scheme Universal Decimal Classification
Item type Books
300 ## - PHYSICAL DESCRIPTION
Dimensions
Type of unit
Size of unit
Holdings
Withdrawn status Lost status Source of classification or shelving scheme Damaged status Not for loan Collection code Home library Current library Shelving location Date acquired Total Checkouts Full call number Barcode Date last seen Copy number Price effective from Koha item type
    Universal Decimal Classification     Reference Beira - Economia e Gestão Beira - Economia e Gestão Reference 09/05/2012   084.4 48973 09/05/2012 3 09/05/2012 Books
    Universal Decimal Classification     Reference Beira - Economia e Gestão Beira - Economia e Gestão Reference 09/05/2012   084.4 48972 09/05/2012 2 09/05/2012 Books
    Universal Decimal Classification     Reference Beira - Economia e Gestão Beira - Economia e Gestão Reference 09/05/2012   084.4 48971 09/05/2012 1 09/05/2012 Books

Universidade Católica de Moçambique - Rua Marquês de Soveral, 960, Palmeiras II, Beira, Moçambique

Tel (Central): (+258) 23 313 077 - Fax: (+258) 23 311 520 - Email: reitoria@ucm.ac.mz - Web: www.ucm.ac.mz